[Event "Moscow Open A 2015"]
[Site "Moscow RUS"]
[Date "2015.02.08"]
[Round "9.58"]
[White "Konovalov, Nikolay"]
[Black "Torosyan, Norayr"]
[Result "1-0"]
[WhiteTitle "IM"]
[WhiteElo "2442"]
[BlackElo "2349"]
[WhiteFideId "4170962"]
[BlackFideId "13300431"]
[EventDate "2015.01.31"]

1. d4 Nf6 2. Nf3 e6 3. e3 d5 4. Bd3 Bd6 5. b3 b6 6. Bb2 Bb7 7. Ne5 Nbd7 8. Nd2
Ne4 9. f4 f6 10. Nxd7 Qxd7 11. c4 Nxd2 12. Qxd2 f5 13. Rc1 c5 14. O-O O-O 15.
Rfd1 Rfd8 16. dxc5 Bxc5 17. Qe2 Rac8 18. Kh1 Qc6 19. cxd5 Qxd5 20. Be5 Be7 21.
e4 fxe4 22. Bc4 Rxc4 23. bxc4 Qc6 24. Rxd8+ Bxd8 25. Qg4 g6 26. Rd1 Be7 27. Bd6
Bf6 28. Qxe6+ Kg7 29. Qd5 Qc8 30. Qd2 e3 31. Qe2 Qe6 32. Ba3 Qe4 33. Bc1 Kg8 34.
Bxe3 Be7 35. Rd2 Bb4 36. Rd4 Qe6 37. Rd8+ Kf7 38. f5 Qxf5 39. Qf2 Qxf2 40. Bxf2
Ke6 41. Re8+ Kf7 42. Rh8 Kg7 43. Rd8 1-0

[Event "Moscow Open A 2015"]
[Site "Moscow RUS"]
[Date "2015.02.08"]
[Round "9.59"]
[White "Golubev, Roman"]
[Black "Petrov, Nikita"]
[Result "1/2-1/2"]
[WhiteTitle "FM"]
[BlackTitle "IM"]
[WhiteElo "2348"]
[BlackElo "2436"]
[WhiteFideId "14202344"]
[BlackFideId "4101286"]
[EventDate "2015.01.31"]

1. e4 c5 2. Nf3 e6 3. d4 cxd4 4. Nxd4 a6 5. Bd3 Nf6 6. O-O Qc7 7. b3 Bc5 8. Bb2
d6 9. Nd2 O-O 10. Kh1 e5 11. N4f3 Nc6 12. h3 Be6 13. a3 Rad8 14. c4 Nh5 15. Nb1
Qb6 16. Qc2 Nf4 17. Kg1 Nd4 18. Nxd4 Bxd4 19. Ra2 Rc8 20. Rd1 Bxb2 21. Rxb2 Qc6
22. Nc3 f5 23. Bf1 b5 24. g3 bxc4 25. bxc4 Bxc4 26. Bxc4+ Qxc4 27. gxf4 Qxc3 28.
Qxc3 Rxc3 29. Rxd6 exf4 30. e5 Rxa3 31. Kg2 h6 32. Rb7 Ra5 33. Rdd7 Kh8 34. Kf3
Rxe5 35. Rxg7 Rf6 36. Rh7+ Kg8 37. Rbg7+ Kf8 38. Ra7 Kg8 39. Rhg7+ Kh8 40. Rh7+
Kg8 41. Rag7+ Kf8 42. Ra7 Kg8 43. Rhg7+ Kf8 44. Rgc7 Re4 45. h4 Ree6 46. h5 Re4
47. Rc8+ Re8 48. Rxe8+ Kxe8 49. Kxf4 Kf8 50. Ke5 Rb6 51. f4 Kg8 52. Kxf5 Rb5+
53. Kf6 Rb6+ 54. Kf5 Rb5+ 55. Kf6 Rb6+ 56. Kf5 1/2-1/2

[Event "Moscow Open A 2015"]
[Site "Moscow RUS"]
[Date "2015.02.08"]
[Round "9.60"]
[White "Kutuzov, Denis"]
[Black "Asgarizadeh, Ahmad"]
[Result "1/2-1/2"]
[WhiteElo "2336"]
[BlackElo "2424"]
[WhiteFideId "4133617"]
[BlackFideId "12505684"]
[EventDate "2015.01.31"]

1. e4 d6 2. d4 g6 3. Nc3 Bg7 4. g3 Nc6 5. Be3 Nf6 6. h3 O-O 7. Bg2 e5 8. Nge2
exd4 9. Nxd4 Bd7 10. O-O Re8 11. Qd2 Ne5 12. Qe2 Qc8 13. g4 h5 14. g5 Nh7 15.
Kh2 Nc6 16. Nb3 a5 17. a4 Nb4 18. Rad1 d5 19. Nc5 b6 20. Nxd7 Qxd7 21. Nxd5 Nxd5
22. Rxd5 Qxa4 23. b3 Qb4 24. f4 Rad8 25. Qd3 Rxd5 26. exd5 Nf8 27. f5 gxf5 28.
Bf4 Qe7 29. Qxf5 Ng6 30. Kh1 Nh4 31. Qd3 Qe2 32. Qg3 Nf5 33. Qf2 Qxf2 34. Rxf2
Nd6 35. Bf3 h4 36. Re2 Kf8 37. Kg2 Ra8 38. Bg4 a4 39. bxa4 Rxa4 40. Kf3 Bd4 41.
Bd7 Rc4 42. Bh2 Bb2 43. Bg4 Ba3 44. Be5 Kg8 45. c3 Kh7 46. Ra2 Bc1 47. Ra8 Bxg5
48. Rh8+ Kg6 49. Rg8+ Kh6 50. Rh8+ Kg6 51. Rg8+ 1/2-1/2

[Event "Moscow Open A 2015"]
[Site "Moscow RUS"]
[Date "2015.02.08"]
[Round "9.61"]
[White "Alikulov, Elbek"]
[Black "Savitskiy, Sergey"]
[Result "1-0"]
[WhiteTitle "FM"]
[BlackTitle "FM"]
[WhiteElo "2418"]
[BlackElo "2325"]
[WhiteFideId "14203308"]
[BlackFideId "24105660"]
[EventDate "2015.01.31"]

1. e4 c5 2. Nf3 d6 3. d4 cxd4 4. Nxd4 Nf6 5. Nc3 e6 6. Bc4 Be7 7. Bb3 O-O 8. Qe2
Na6 9. g4 d5 10. e5 Nd7 11. f4 Nac5 12. Be3 a5 13. a4 Nb6 14. O-O f6 15. exf6
Bxf6 16. g5 Be7 17. Nf3 Nbd7 18. Ba2 b6 19. Qg2 Bb7 20. Rad1 Qe8 21. Nd4 Kh8 22.
Ncb5 Qg6 23. Qh3 Bf6 24. c3 Bxd4 25. Rxd4 Ne4 26. Rxe4 dxe4 27. Bxe6 Nf6 28. Nd6
Ba6 29. c4 Rad8 30. f5 1-0

[Event "Moscow Open A 2015"]
[Site "Moscow RUS"]
[Date "2015.02.08"]
[Round "9.62"]
[White "Mu, Ke"]
[Black "Kardashevskiy, Evgeny"]
[Result "1/2-1/2"]
[WhiteElo "2401"]
[BlackElo "2236"]
[WhiteFideId "8602778"]
[BlackFideId "24108138"]
[EventDate "2015.01.31"]

1. d4 Nf6 2. c4 c5 3. d5 b5 4. cxb5 a6 5. bxa6 Bxa6 6. Nc3 d6 7. Nf3 g6 8. g3
Bg7 9. Bg2 Nbd7 10. Rb1 O-O 11. O-O Qa5 12. Qc2 Rfb8 13. Rd1 Nb6 14. b3 Bb7 15.
Bd2 Qa3 16. Bc1 Qa5 17. Bd2 Qa3 18. Bc1 Qa5 1/2-1/2

[Event "Moscow Open A 2015"]
[Site "Moscow RUS"]
[Date "2015.02.08"]
[Round "9.63"]
[White "Kozionov, Kirill"]
[Black "Komissarov, Alexey"]
[Result "1-0"]
[WhiteTitle "IM"]
[WhiteElo "2391"]
[BlackElo "2205"]
[WhiteFideId "24101729"]
[BlackFideId "4176545"]
[EventDate "2015.01.31"]

1. e4 e5 2. Nf3 Nc6 3. Bc4 Nf6 4. Ng5 d5 5. exd5 Nd4 6. c3 b5 7. Bf1 Nxd5 8.
Nxf7 Kxf7 9. cxd4 exd4 10. Qf3+ Nf6 11. Bxb5 Be6 12. O-O Rb8 13. a4 Bd5 14. Qd3
c6 15. Bc4 Rb4 16. b3 c5 17. Na3 Be7 18. Qh3 Qa8 19. d3 Rhb8 20. Bg5 Bxc4 21.
Nxc4 Qd5 22. Bf4 Re8 23. Rab1 Bf8 24. Bd2 Rb7 25. f4 Bd6 26. g4 Kg8 27. g5 Nd7
28. Rbe1 Rxe1 29. Rxe1 Nf8 30. Qg2 Qxg2+ 31. Kxg2 Bb8 32. f5 Rxb3 33. Re7 Rxd3
34. f6 gxf6 35. gxf6 Bd6 36. Rg7+ Kh8 37. Nxd6 Rxd2+ 38. Kf1 1-0

[Event "Moscow Open A 2015"]
[Site "Moscow RUS"]
[Date "2015.02.08"]
[Round "9.64"]
[White "Geivondian, Arman"]
[Black "Kalashnikov, Konstantin"]
[Result "0-1"]
[BlackTitle "IM"]
[WhiteElo "2304"]
[BlackElo "2380"]
[WhiteFideId "24102032"]
[BlackFideId "4136004"]
[EventDate "2015.01.31"]

1. d4 Nf6 2. c4 g6 3. Nc3 Bg7 4. e4 O-O 5. f3 c5 6. Nge2 cxd4 7. Nxd4 Nc6 8. Be3
Qb6 9. Na4 Qa5+ 10. Bd2 Qd8 11. Nc2 e6 12. Be2 d5 13. cxd5 exd5 14. exd5 Nxd5
15. O-O Bf5 16. Kh1 Re8 17. Bc4 Nb6 18. Nxb6 Qxb6 19. Bc3 Bxc3 20. bxc3 Rad8 21.
Qc1 Qc5 22. Na3 a6 23. Qb2 b5 24. Bb3 Re3 25. Rae1 Rde8 26. Rxe3 Rxe3 27. Rc1
Qe7 28. Qd2 Re2 29. Qd1 Qxa3 0-1

[Event "Moscow Open A 2015"]
[Site "Moscow RUS"]
[Date "2015.02.08"]
[Round "9.65"]
[White "Zude, Erik"]
[Black "Lkhamsuren, Uuganbayar"]
[Result "1-0"]
[WhiteTitle "IM"]
[BlackTitle "WFM"]
[WhiteElo "2378"]
[BlackElo "2106"]
[WhiteFideId "4604644"]
[BlackFideId "4901347"]
[EventDate "2015.01.31"]

1. Nf3 d5 2. g3 Bg4 3. Bg2 c6 4. d3 Nf6 5. O-O Nbd7 6. c4 e6 7. cxd5 exd5 8. Nc3
Bd6 9. h3 Bh5 10. e4 O-O 11. g4 Bg6 12. Nh4 Nxe4 13. Nxe4 Bxe4 14. dxe4 Qxh4 15.
exd5 c5 16. Be3 f5 17. gxf5 Rxf5 18. Qc2 Re5 19. Rae1 Rae8 20. Bd2 Nf6 21. Rxe5
Rxe5 22. Re1 Rxe1+ 23. Bxe1 Qf4 24. a4 Nh5 25. Bc3 Kf8 26. Qd1 Qh2+ 27. Kf1 Nf4
28. Qg4 g6 29. Qg5 Be7 30. Qg3 Qxg2+ 31. Qxg2 Nxg2 32. Kxg2 Bh4 33. Kf3 Ke7 34.
Be5 Kd7 35. Ke3 Bg5+ 36. Kd3 Bh4 37. f3 Be1 38. Kc4 Bf2 39. Bb8 a6 40. Ba7 Kd6
41. Bb6 Be1 42. Bxc5+ Ke5 43. Be3 Ba5 44. Kc5 Bd8 45. b3 h5 46. Bd2 Bc7 47. Bg5
Bd6+ 48. Kb6 Kxd5 49. Kxb7 Kd4 50. Kxa6 Kc3 51. Kb6 Kxb3 52. a5 Kc4 53. a6 Bc5+
54. Kb7 Kd3 55. h4 1-0

[Event "Moscow Open A 2015"]
[Site "Moscow RUS"]
[Date "2015.02.08"]
[Round "9.66"]
[White "Galoyan, Levon"]
[Black "Vdovin, Vadim"]
[Result "0-1"]
[WhiteTitle "FM"]
[BlackTitle "FM"]
[WhiteElo "2256"]
[BlackElo "2377"]
[WhiteFideId "13302027"]
[BlackFideId "24107158"]
[EventDate "2015.01.31"]

1. d4 Nf6 2. c4 g6 3. f3 Bg7 4. e4 d6 5. Nc3 O-O 6. Be3 Nc6 7. Qd2 a6 8. Nge2
Rb8 9. Rb1 b5 10. cxb5 axb5 11. b4 e5 12. d5 Ne7 13. Rd1 Bd7 14. g4 Ne8 15. Ng3
c6 16. Be2 cxd5 17. exd5 f5 18. Bg5 Nf6 19. gxf5 gxf5 20. Rg1 Kh8 21. Bh6 Rg8
22. Bg5 Qf8 23. Nf1 Nh5 24. Ng3 Nf4 25. Bf1 Neg6 26. Nce2 Rc8 27. h4 Nxe2 28.
Bxe2 e4 29. Rc1 exf3 30. Bxf3 h6 31. Rh1 Be5 32. Nh5 Rxc1+ 33. Qxc1 f4 34. Qc7
Qf5 35. Bd8 Qb1+ 36. Bd1 Qe4+ 37. Be2 Qxh1+ 38. Kf2 Qxd5 0-1

[Event "Moscow Open A 2015"]
[Site "Moscow RUS"]
[Date "2015.02.08"]
[Round "9.67"]
[White "Babikov, Ivan"]
[Black "Gorozhanin, Mikhail"]
[Result "1/2-1/2"]
[WhiteTitle "FM"]
[BlackTitle "FM"]
[WhiteElo "2279"]
[BlackElo "2370"]
[WhiteFideId "4161106"]
[BlackFideId "4178262"]
[EventDate "2015.01.31"]

1. e4 e6 2. d4 d5 3. exd5 exd5 4. c4 Nf6 5. Nc3 Bb4 6. Bd3 O-O 7. Ne2 dxc4 8.
Bxc4 c5 9. a3 Bxc3+ 10. bxc3 cxd4 11. cxd4 b6 12. Qd3 Bb7 13. O-O Bd5 14. Nf4
Bxc4 15. Qxc4 Qc8 16. Qb3 Nc6 17. Rd1 Rd8 18. d5 Na5 19. Qb4 Qc4 20. Bb2 Ne8 21.
Rac1 Qxb4 22. axb4 Nb7 23. h4 Nbd6 24. Rc6 Nb5 25. f3 Ned6 26. g4 Rdc8 27. Rdc1
a5 28. Nd3 Rxc6 29. Rxc6 a4 30. Rxb6 f6 31. Kf2 a3 32. Ba1 Rc8 33. Nc5 Ra8 34.
Ne4 Rd8 35. Ke2 h5 36. gxh5 Kh7 37. Kd3 Kh6 38. Nxd6 Nxd6 39. Ra6 Nb5 40. Kc4
Nc7 41. Ra5 Rd6 42. Rc5 Na8 43. Rc6 Nb6+ 44. Kc5 Rxd5+ 45. Kxb6 Rd1 46. Bc3 a2
47. Rc5 Rd3 48. Ba1 Rd1 49. Bc3 Rd3 50. Bxf6 gxf6 51. Ra5 Rd2 52. Ka6 Rd6+ 53.
Kb7 Rd5 54. Rxa2 Rb5+ 55. Kc6 Rxb4 56. Kd5 Kxh5 57. Rh2 Rxh4 1/2-1/2

[Event "Moscow Open A 2015"]
[Site "Moscow RUS"]
[Date "2015.02.08"]
[Round "9.68"]
[White "Mirzoev, Emil"]
[Black "Igonin, Temur"]
[Result "0-1"]
[BlackTitle "FM"]
[WhiteElo "2362"]
[BlackElo "2274"]
[WhiteFideId "14108640"]
[BlackFideId "14203049"]
[EventDate "2015.01.31"]

1. e4 e5 2. Bc4 Nf6 3. d3 Nc6 4. Nc3 Bc5 5. f4 d6 6. Nf3 a6 7. fxe5 dxe5 8. Bg5
h6 9. Bh4 Qd6 10. Qd2 Bg4 11. Rf1 Na5 12. Bb3 Nxb3 13. axb3 c6 14. h3 Bxf3 15.
Rxf3 Nd7 16. O-O-O f6 17. g4 Nf8 18. Na4 Ba7 19. Bf2 b5 20. Nc3 Bxf2 21. Qxf2
Ne6 22. h4 a5 23. Qe3 a4 24. bxa4 bxa4 25. Nb1 O-O 26. Na3 Rfb8 27. Nc4 Qb4 28.
Qe1 Qc5 29. Qe3 Qb4 30. Qe1 Qc5 31. Qe3 Qb5 32. Kd2 Rd8 33. Ke1 Nf4 34. Ra1 Rd4
35. b3 Rad8 36. Rb1 axb3 37. Kf1 Rxc4 38. dxc4 bxc2 39. Re1 Qxc4+ 40. Kg1 Rd1 0-1

[Event "Moscow Open A 2015"]
[Site "Moscow RUS"]
[Date "2015.02.08"]
[Round "9.69"]
[White "Kotenko, Pavel"]
[Black "Sargsyan, Shant"]
[Result "1/2-1/2"]
[WhiteTitle "IM"]
[BlackTitle "CM"]
[WhiteElo "2359"]
[BlackElo "2172"]
[WhiteFideId "4130219"]
[BlackFideId "13306766"]
[EventDate "2015.01.31"]

1. e4 c5 2. Nf3 d6 3. d4 cxd4 4. Nxd4 Nf6 5. Nc3 Nc6 6. Bg5 Qb6 7. Nb3 e6 8.
Bxf6 gxf6 9. Qd2 Bd7 10. O-O-O O-O-O 11. f4 Kb8 12. Be2 h5 13. Rhf1 Na5 14. Kb1
Be7 15. Rf3 Nxb3 16. axb3 Rdg8 17. Bf1 Bc6 18. Rh3 Qa5 19. Rd3 h4 20. Rd4 Rc8
21. b4 Qc7 22. Be2 Bd7 23. Bf3 Rhd8 24. Qf2 Be8 25. f5 Qb6 26. Qxh4 a5 27. bxa5
Qxa5 28. Qe1 Rc5 29. Bg4 Qa7 30. b4 Re5 31. Qd2 Qb6 32. Na2 Bc6 33. Bf3 d5 34.
exd5 exd5 35. Qc3 Rxf5 36. Qb3 Re5 37. Bxd5 Bxd5 38. Rxd5 Rdxd5 39. Rxd5 Qg1+
40. Kb2 Qxh2 41. Qf3 Rxd5 42. Qxd5 Qe5+ 43. Qxe5+ fxe5 44. Kc3 Kc7 45. g4 Kd6
46. Kd3 Ke6 47. Ke4 Kf6 48. Nc3 Kg5 49. Nd5 Bd6 1/2-1/2

[Event "Moscow Open A 2015"]
[Site "Moscow RUS"]
[Date "2015.02.08"]
[Round "9.70"]
[White "Firat, Burak"]
[Black "Rozhkov, Viacheslav"]
[Result "1-0"]
[WhiteTitle "IM"]
[BlackTitle "FM"]
[WhiteElo "2486"]
[BlackElo "2314"]
[WhiteFideId "6305881"]
[BlackFideId "4181484"]
[EventDate "2015.01.31"]

1. e4 c5 2. Nf3 d6 3. d4 cxd4 4. Nxd4 Nf6 5. Nc3 Nc6 6. f3 Bd7 7. Be3 g6 8. Qd2
Bg7 9. O-O-O h5 10. Kb1 Rc8 11. h3 a6 12. Nxc6 Rxc6 13. Ne2 e5 14. Nc1 Be6 15.
Nb3 Bxb3 16. axb3 Bf8 17. Bd3 h4 18. f4 Be7 19. Qf2 Qc8 20. Rhf1 b5 21. c3 Qe6
22. Qc2 exf4 23. Bxf4 Nd7 24. b4 Ne5 25. Be2 O-O 26. Rd5 f6 27. Rfd1 Kg7 28.
R1d4 g5 29. Bc1 Rc7 30. Qd1 Qf7 31. Bh5 Qe6 32. Be2 Qf7 33. Bh5 Qe6 34. Bg4 Nxg4
35. hxg4 Rfc8 36. Qf3 Rc4 37. Be3 Rxd4 38. Bxd4 Kg6 39. Kc2 Re8 40. Kd3 Rh8 41.
b3 Ra8 42. c4 bxc4+ 43. bxc4 Rb8 44. Bc3 Rc8 45. Bd4 Kf7 46. Qf5 Rh8 47. Qxe6+
Kxe6 48. Ra5 h3 49. gxh3 Rxh3+ 50. Be3 Rg3 51. Rxa6 Rxg4 52. b5 f5 53. exf5+
Kxf5 54. b6 d5 55. b7 dxc4+ 56. Kc2 Rg2+ 57. Bd2 c3 58. b8=Q 1-0

[Event "Moscow Open A 2015"]
[Site "Moscow RUS"]
[Date "2015.02.08"]
[Round "9.71"]
[White "Natacheev, Peter"]
[Black "Swayams, Mishra"]
[Result "1-0"]
[WhiteTitle "FM"]
[BlackTitle "IM"]
[WhiteElo "2308"]
[BlackElo "2480"]
[WhiteFideId "4191854"]
[BlackFideId "5028183"]
[EventDate "2015.01.31"]

1. d4 e6 2. c4 Nf6 3. a3 b6 4. Nc3 Bb7 5. Nf3 d5 6. cxd5 Nxd5 7. e3 Be7 8. Bb5+
c6 9. Bd3 Nd7 10. e4 Nxc3 11. bxc3 c5 12. O-O O-O 13. Bf4 Re8 14. Qe2 a6 15. a4
Nf8 16. Rfd1 Ng6 17. Bg3 cxd4 18. cxd4 Bd6 19. Ne5 Qe7 20. Nc4 Bxg3 21. hxg3 b5
22. Nb6 Rab8 23. axb5 axb5 24. Bxb5 Red8 25. d5 Qc7 26. Qe3 Bxd5 27. Nxd5 exd5
28. Rxd5 Rxd5 29. exd5 Qd6 30. Bc6 Ne7 31. Qe4 g6 32. Re1 Nxc6 33. dxc6 Rc8 34.
Rc1 h5 35. Qc4 Rc7 36. Qc3 Kh7 37. Qf3 Kg7 38. Rc4 Qe6 39. Qc3+ Qf6 40. Qc1 Qe6
41. Qb2+ Qf6 42. Qb6 Qd6 43. Kh2 Kg8 44. Qa5 Kg7 45. f3 Kh7 46. Qc3 Qe6 47. g4
Qd6+ 48. Kg1 hxg4 49. Rxg4 Qd1+ 50. Kf2 Qd8 51. Rf4 Kg8 52. g3 Qd5 53. Rb4 f6
54. Rb8+ Kg7 55. Qb4 g5 56. Qf8+ Kg6 57. Qe8+ Qf7 58. Qxf7+ Rxf7 59. Rb7 Rf8 60.
Ke3 Kf5 61. Kd4 Ke6 62. Kc5 f5 63. Rb2 Ke7 64. Rd2 f4 65. g4 Rb8 66. Re2+ Kd8
67. Kd6 Rb6 68. Re5 Ra6 69. Rxg5 1-0

[Event "Moscow Open A 2015"]
[Site "Moscow RUS"]
[Date "2015.02.08"]
[Round "9.72"]
[White "Schekachikhin, Maksim"]
[Black "Barsov, Alexei"]
[Result "1/2-1/2"]
[WhiteTitle "FM"]
[BlackTitle "GM"]
[WhiteElo "2306"]
[BlackElo "2455"]
[WhiteFideId "24177830"]
[BlackFideId "14200082"]
[EventDate "2015.01.31"]

1. d4 d5 2. c4 e6 3. Nc3 Bb4 4. cxd5 exd5 5. Bf4 c6 6. e3 Ne7 7. Bd3 Bf5 8. Ne2
O-O 9. a3 Bd6 10. O-O a5 11. Bg5 Bxd3 12. Qxd3 h6 13. Bh4 Nd7 14. f3 Qb8 15.
Bxe7 Bxe7 16. e4 dxe4 17. fxe4 Qd6 18. Rad1 Rad8 19. Qf3 c5 20. Kh1 cxd4 21.
Nxd4 Ne5 22. Qh5 Bg5 23. Nf3 Qg6 24. Qxg6 Nxg6 25. Nxg5 hxg5 26. Rxd8 Rxd8 27.
Rf5 f6 28. Rxa5 Rd2 29. Rb5 Nh4 30. Rxb7 Rxg2 31. h3 Rd2 32. Kg1 Nf3+ 33. Kf1
Nh2+ 34. Ke1 Nf3+ 35. Kf1 Nh2+ 36. Kg1 Nf3+ 37. Kf1 1/2-1/2

[Event "Moscow Open A 2015"]
[Site "Moscow RUS"]
[Date "2015.02.08"]
[Round "9.73"]
[White "Sysoev, Vjacheslav"]
[Black "Duzhakov, Ilya"]
[Result "1/2-1/2"]
[WhiteTitle "FM"]
[BlackTitle "FM"]
[WhiteElo "2306"]
[BlackElo "2420"]
[WhiteFideId "4198689"]
[BlackFideId "4192516"]
[EventDate "2015.01.31"]

1. e4 e6 2. Qe2 c5 3. Nf3 Nc6 4. g3 g6 5. Bg2 Bg7 6. d3 Nge7 7. c3 d6 8. O-O O-O
9. Na3 Rb8 10. Nc2 b5 11. a3 a5 12. d4 cxd4 13. Ncxd4 b4 14. axb4 axb4 15. Bg5
Nxd4 16. Nxd4 Bd7 17. Rfd1 h6 18. Be3 bxc3 19. bxc3 Qc7 20. c4 Rfc8 21. Rac1 Ba4
22. Re1 Rb4 23. Nb5 Qd7 24. Bf1 Kh7 25. Qd2 Rb2 26. Qa5 Bc2 27. Qa3 Rb8 28. Qxd6
Rd8 29. Bc5 Nc6 30. Qxd7 Rxd7 31. Ba3 Ra2 32. Re2 Nd4 33. Nxd4 Bxd4 34. Bf8 Ra8
35. Rexc2 Rxf8 36. c5 Rc7 37. c6 Rd8 38. Kg2 Kg7 39. f4 Rd6 40. Kf3 e5 41. Bh3
Kf6 42. Bf1 Ke7 43. Bb5 Rd8 44. Ba4 1/2-1/2

[Event "Moscow Open A 2015"]
[Site "Moscow RUS"]
[Date "2015.02.08"]
[Round "9.74"]
[White "Sadikhov, Ulvi"]
[Black "Popov, Kirill"]
[Result "1-0"]
[WhiteTitle "FM"]
[BlackTitle "FM"]
[WhiteElo "2414"]
[BlackElo "2313"]
[WhiteFideId "13401416"]
[BlackFideId "24157457"]
[EventDate "2015.01.31"]

1. e4 e6 2. d3 d5 3. Qe2 dxe4 4. dxe4 e5 5. Nf3 Nc6 6. c3 Nf6 7. Qc2 a5 8. Bb5
Bd6 9. O-O O-O 10. a4 Ne7 11. Re1 Ng6 12. Nbd2 Qe7 13. Nf1 Bc5 14. h3 Nh5 15.
Bg5 f6 16. Be3 Nhf4 17. Ng3 Bxe3 18. fxe3 Ne6 19. Nf5 Qc5 20. Qb3 Kh8 21. Bc4
Ng5 22. Nxg5 fxg5 23. Rad1 Ne7 24. Nxe7 Qxe7 25. Rf1 Bd7 26. Qxb7 Bxa4 27. b3
Qc5 28. Qd5 Qxe3+ 29. Kh1 g4 30. bxa4 gxh3 31. Qxe5 Rfe8 32. Qf4 Qxc3 33. Bf7
hxg2+ 34. Kxg2 Rf8 35. e5 Qc2+ 36. Rd2 1-0

[Event "Moscow Open A 2015"]
[Site "Moscow RUS"]
[Date "2015.02.08"]
[Round "9.75"]
[White "Batyuk, Artem"]
[Black "Nozdrachev, Leonid"]
[Result "1/2-1/2"]
[BlackTitle "FM"]
[WhiteElo "2306"]
[BlackElo "2413"]
[WhiteFideId "34115088"]
[BlackFideId "24113433"]
[EventDate "2015.01.31"]

1. d4 d5 2. Nf3 Nf6 3. Bf4 c5 4. e3 Nc6 5. c3 cxd4 6. exd4 Qb6 7. Qb3 Bd7 8. Na3
Qxb3 9. axb3 a6 10. b4 e6 11. Bd3 Be7 12. O-O O-O 13. h3 a5 14. b5 Na7 15. Rfb1
Rfc8 16. b6 Nc6 17. Nb5 Ne8 18. Nc7 Nxc7 19. bxc7 f6 20. Ra2 Be8 21. Rba1 g5 22.
Bh2 f5 23. b4 b6 24. bxa5 bxa5 25. Re2 f4 26. g3 Bh5 27. Rxe6 Rxc7 28. Ne5 Nxe5
29. Rxe5 Bf6 30. Rxd5 Rxc3 31. Bf1 fxg3 32. Bxg3 a4 33. Bg2 Ra6 34. Be5 Bxe5 35.
Rxe5 a3 36. Rxg5+ Bg6 37. Rc5 Rxc5 38. dxc5 Kf8 39. Kf1 a2 40. Ke2 Ra3 41. Bd5
Bb1 42. Bc4 Ke7 43. f4 Rxh3 44. f5 Rh2+ 45. Ke3 Rc2 46. Be6 h5 47. Kf4 h4 48.
Bb3 Rb2 49. Bxa2 Bxa2 50. Rh1 Bb1 51. Rxh4 Rf2+ 52. Ke3 Rxf5 53. Rc4 Kd7 54. Kd4
Kc6 55. Rb4 Rd5+ 56. Kc3 Ba2 57. Rb2 Rxc5+ 1/2-1/2

[Event "Moscow Open A 2015"]
[Site "Moscow RUS"]
[Date "2015.02.08"]
[Round "9.76"]
[White "Uraev, Ivan"]
[Black "Ali, Muhammad Lutfi"]
[Result "1/2-1/2"]
[WhiteTitle "FM"]
[BlackTitle "FM"]
[WhiteElo "2287"]
[BlackElo "2404"]
[WhiteFideId "4192443"]
[BlackFideId "7103743"]
[EventDate "2015.01.31"]

1. b3 Nf6 2. Bb2 g6 3. e4 Bg7 4. g3 O-O 5. Bg2 d6 6. Ne2 e5 7. Nbc3 Nc6 8. O-O
Bd7 9. h3 h5 10. f4 h4 11. f5 hxg3 12. Nxg3 Nd4 13. Nce2 Nh7 14. c3 Nxe2+ 15.
Qxe2 Qh4 16. Qg4 Bf6 17. d4 Qxg4 18. hxg4 Kg7 19. Rad1 a5 20. Bc1 Rfe8 21. Be3
a4 22. b4 Bb5 23. Rfe1 Bc4 24. a3 Re7 25. Kf2 Rae8 26. Rh1 Ng5 27. d5 Rc8 28.
Bf3 Ree8 29. Be2 Bb3 30. Rc1 Rh8 31. c4 Nh3+ 32. Kf3 c6 33. dxc6 Rxc6 34. Nh5+
gxh5 35. Rxh3 hxg4+ 36. Kxg4 Rcc8 37. Rg3 Rcg8 38. Kf3+ Kf8 39. Rxg8+ Kxg8 40.
Rg1+ Kf8 41. Bd3 Rh3+ 42. Rg3 Rh2 43. Rg2 Bd1+ 44. Kg3 Rh1 45. Rh2 Rxh2 46. Kxh2
Bh4 47. c5 Ke7 48. Kh3 Be1 49. Bg5+ Kd7 50. Bb5+ Kc7 51. Be7 dxc5 52. bxc5 Bc3
53. Kh4 Bc2 54. Kg5 Bxe4 55. Bd6+ Kd8 56. Kf6 Bb2 57. Be7+ Kc8 58. Bxa4 Bd5 59.
Bd6 Kd8 60. Bxe5 Bxa3 61. Bd4 Bc4 62. Kg7 Bb4 63. Bf6+ Kc8 64. Bd4 Kd8 65. Kf6
Ba3 66. Bd1 Kd7 67. Bf3 Kc7 68. Bh5 Kc6 69. Bxf7 Bd3 70. Ke5 Bxf5 1/2-1/2

[Event "Moscow Open A 2015"]
[Site "Moscow RUS"]
[Date "2015.02.08"]
[Round "9.78"]
[White "Ageichenko, Genadi A"]
[Black "Sadykov, Ramil"]
[Result "1-0"]
[WhiteTitle "IM"]
[BlackTitle "FM"]
[WhiteElo "2269"]
[BlackElo "2403"]
[WhiteFideId "4105222"]
[BlackFideId "24113590"]
[EventDate "2015.01.31"]

1. e4 c5 2. Nf3 e6 3. d4 cxd4 4. Nxd4 Nc6 5. Nc3 Qc7 6. Be2 Nf6 7. O-O a6 8. Be3
Ne5 9. h3 b5 10. f4 Nc4 11. Bxc4 Qxc4 12. Qd3 Bb7 13. a4 Qxd3 14. cxd3 b4 15.
Nce2 Bc5 16. Kf2 Bxd4 17. Nxd4 d6 18. Nb3 Rc8 19. Rfc1 Kd7 20. Na5 Ba8 21. Nc4
Rc6 22. e5 Nd5 23. Nxd6 f6 24. Nc4 Rhc8 25. a5 Ke7 26. g3 R6c7 27. Bd4 f5 28.
Bb6 Rc6 29. Be3 R6c7 30. Bd2 Kd7 31. g4 Rf8 32. Kg3 g6 33. Nd6 Rxc1 34. Rxc1 Bc6
35. gxf5 gxf5 36. Kf2 Rg8 37. Rg1 Rxg1 38. Kxg1 Ke7 39. Kf2 Be8 40. Kg3 Ba4 41.
Nb7 Bd7 42. Nc5 Bc8 43. Kh4 Kf7 44. Kh5 Kg7 45. Kg5 h6+ 46. Kh5 Kh7 47. Kh4 Kg6
48. Kg3 Kf7 49. Kf3 Ke7 50. Be1 Ke8 51. Bh4 Kf7 52. Bd8 Ke8 53. Bb6 Ke7 54. Ba7
Kf7 55. Bb8 Ke7 56. Bd6+ Ke8 57. Kg3 Kf7 58. Na4 Bd7 59. Nb6 Nxb6 60. axb6 Bc6
61. Bxb4 Bb7 62. Kf2 Ke8 63. Ke3 Bd5 64. Kd4 Kd7 65. Kc5 Kc8 66. Kd6 Kb7 67. Bc5
a5 68. h4 h5 69. d4 a4 70. Ke7 Kc6 71. Kf6 Kd7 72. Kg6 Bf3 73. d5 1-0

[Event "Moscow Open A 2015"]
[Site "Moscow RUS"]
[Date "2015.02.08"]
[Round "9.79"]
[White "Naghdiyev, Niyazi"]
[Black "Tsydypov, Zhamsaran"]
[Result "0-1"]
[BlackTitle "FM"]
[WhiteElo "2266"]
[BlackElo "2398"]
[WhiteFideId "13405519"]
[BlackFideId "4108566"]
[EventDate "2015.01.31"]

1. d4 Nf6 2. c4 e6 3. Nf3 Bb4+ 4. Bd2 c5 5. Bxb4 cxb4 6. Nbd2 O-O 7. g3 b6 8.
Bg2 Bb7 9. O-O d5 10. Ne5 Nbd7 11. Nxd7 Qxd7 12. Re1 Rac8 13. Rc1 dxc4 14. Bxb7
Qxb7 15. Rxc4 Rxc4 16. Nxc4 Qd5 17. b3 Ne4 18. Qd3 Rd8 19. f3 Nc3 20. a3 Qxd4+
21. Qxd4 Rxd4 22. axb4 b5 23. Na5 g5 24. Kf1 Rd2 25. Nc6 a6 26. Nb8 Ra2 27. e4
Rxh2 28. Nxa6 h5 29. Re3 Rc2 30. Nc5 Na2 31. Nb7 Nxb4 32. Nd6 Rc5 33. f4 g4 34.
e5 Nd5 35. Rd3 b4 36. Ne4 Rc2 37. Rd2 Rc1+ 38. Kf2 Kg7 39. Ng5 Rc3 40. Ra2 h4
41. gxh4 g3+ 42. Kg1 Nxf4 43. Ra1 Rc2 44. Ne4 Nh3+ 0-1